000 00197 a2200097 4500
020 _a9780935526844
041 _aeng
100 _aKent, Alexander
245 _aFor my country's freedom
942 _cBK
999 _c29935
_d29933